• 首页
  • 本馆介绍
  • 公告通知
  • 最新文献
  • 馆藏检索
  • 电子资源
  • 读者导购
  • 参考咨询
  • 我的图书馆
  • 登录
  • 详细信息显示
  • 放入我的书架
  • 预约/预借图书
  • 作者相关作品
  • 分类相关作品
  • 丛书相关作品
  • 出版社相关作品

书目信息

  • 表格格式
  • 工作单格式
  • 卡片格式
题名:
世界五千年
    
 
作者: 顾汉松 编著
分册: 4  
出版信息: 上海   少年儿童出版社  1982
页数: 270页
开本: 19cm
丛书名:
单 册:
中图分类: K109 , I247.8
科图分类:
主题词: 世界史--少年读物 , 小说--中国
电子资源:
ISBN:
000 00622nam0 2200241 450
001 1559412535
005 20150123163034.01
010    @dCNY0.52
091    @aR11024.58
100    @a19960109d1982 em y0chiy0110 ea
101 0  @achi
102    @aCN@b310000
105    @af z 000yy
200 1  @a世界五千年@9shi jie wu qian nian@h4@f顾汉松编著
210    @a上海@c少年儿童出版社@d1982
215    @a270页@c图@d19cm
606 0  @a世界史@x少年读物
606 0  @a小说@x中国
690    @aK109@v5
690    @aI247.8@v4
701  0 @a顾汉松@9gu han song@4编著
801  0 @aCN@bTSSF@c20150123
905    @aZUCC@dI247.8@eJY51:4
    
    世界五千年.4/顾汉松编著.-上海:少年儿童出版社,1982
    270页:图;19cm
    
    
    ISBN :CNY0.52
    
●
相关链接 在E读中查询图书 在五车中查询图书 在当当中查询图书 在豆瓣中查询图书


正题名:世界五千年     索取号:I247.8/JY51:4         预约/预借

序号 登录号 条形码 馆藏地/架位号 状态 备注
1 7849611   278496110   学院路分馆/ [索取号:I247.8/JY51:4] 在馆    
唐山师范学院图书馆 欢迎您!
大连网信软件有限公司© 版权所有